Normal view
MARC view
- Javed,Amina, Shinwari,Anousha, & Sirhindi,Fatima
Entry Personal Name
001 - CONTROL NUMBER
- control field: 5186
003 - CONTROL NUMBER IDENTIFIER
- control field: NUST
005 - DATE AND TIME OF LATEST TRANSACTION
- control field: 20171004110657.0
008 - FIXED-LENGTH DATA ELEMENTS
- fixed length control field: 171004|| aca||aabn | a|a d
040 ## - CATALOGING SOURCE
- Original cataloging agency: NUST
- Transcribing agency: NUST
100 ## - HEADING--PERSONAL NAME
- Personal name: Javed,Amina, Shinwari,Anousha, & Sirhindi,Fatima
670 ## - SOURCE DATA FOUND
- Source citation: Work cat.: (NUST): Javed,Amina, Shinwari,Anousha, & Sirhindi,Fatima, Rozgaar, 2016
